000 00639nam a2200181 a 4500
001 000016598
005 20200929164931.0
008 100308s1969 sp a 000 0 spa d
040 _aDO-SdBNP
_bspa
_cBNPHU
082 _axxx
_bG211n
100 1 _aGanzo, Julio
_936888
245 1 0 _aNovedades en las aperturas desde 1965 :
_blos planteos favoritos de los grandes maestros actuales del ajedrez /
_cJulio Ganzo ; editor Ricardo Aguilera.
260 _aMadrid :
_bArtes Gráficas,
_c1969.
300 _a192 p. :
_bil. ;
_c22 cm.
500 _aIncluye índice Técnico y de Partidas
700 1 _aAguilera, Ricardo,
_eed.
_936889
049 _aBNPD
999 _c16131
_d16131